Le Corbusier une encyclopedie
保存先:
| フォーマット: | 図書 |
|---|---|
| 言語: | フランス語 |
| 出版事項: |
París
Centre Georges Pompidou
1987
|
| 主題: | |
| タグ: |
タグ追加
タグなし, このレコードへの初めてのタグを付けませんか!
|
MARC
| LEADER | 00000nam a2200000 a 4500 | ||
|---|---|---|---|
| 001 | UCW0031 | ||
| 003 | CL-VaPUC | ||
| 005 | 20240701131849.0 | ||
| 008 | 930910e19870000FR |||||||||||||||||fre|d | ||
| 999 | |c 215283 |d 215281 | ||
| 040 | |c Pontificia Universidad Católica de Valparaíso | ||
| 082 | 0 | 4 | |a 724.6 |b LEC |2 21 |
| 245 | 1 | 0 | |a Le Corbusier une encyclopedie |
| 260 | |a París |b Centre Georges Pompidou |c 1987 | ||
| 300 | |a 497 p | ||
| 500 | |a Publicado con ocasión de la exposición L'aventure Le Corbusier presentado de octubre de 1987 a enero de 1988 en el Centro Georges Pompidou | ||
| 583 | |a last modification |c 19930910 00:00:00 |k Rodrigo Vera | ||
| 600 | |a Le Corbusier |d 1887-1965 |9 547939 | ||
| 650 | 0 | |a Arquitectura moderna |v Siglo 20 |9 265427 | |
| 650 | 0 | |a Arquitectos |9 268647 | |
| 651 | 0 | |a Francia |9 255157 | |
| 942 | |c BK |2 ddc | ||
| 945 | |d 19930910 00:00:00 | ||
| 952 | |0 0 |1 0 |4 0 |6 724_600000000000000_LEC_1987 |7 0 |8 A |9 199368 |a BIBARQ |b BIBARQ |d 2019-11-14 |i 2666715 |l 1 |o 724.6 LEC 1987 |p 2666715 |r 2025-01-20 |s 2022-10-04 |w 2019-11-14 |y BK |k ARQ | ||